000 00833nam a2200229 i 4500
001 141473
003 ES-MaACL
005 20260525062933.0
007 t|
008 070924s1958 sp ||||1| spa d
080 _a84-94"19"
100 1 _aVilleboeuf, André.
_9115197
245 1 0 _aSerenatas sin guitarra /
_cAndré Villeboeuf ; traducción del francés con una cuartilla liminar de Julio Gómez de la Serna ; prólogo de Domingo Ortega ; epílogo de Antonio Díaz-Cañabate.
300 _a256 p. ;
_c18 cm.
490 1 _aColección Austral ;
_v1284
700 1 _aDíaz-Cañabate, Antonio,
_d1898-1980
_944194
700 1 _aOrtega, Domingo.
_987400
700 1 _aGómez de la Serna, Julio,
_d1895-1983
_957899
830 0 _aColección austral
_v1284
_9177655
852 _aES-MaACL
_jC-14787
_bR.42513
999 _c141473
_d141473